000 00775nam a22002057a 4500
999 _c372208
_d372208
008 201127b ||||| |||| 00| 0 eng d
040 _aDE-2950
_bger
_cDE-2950
_erda
041 _ager
245 _aENS an der Viadrina hat neuen Leiter
_bDigitalisierung. Jan-Henrik Passoth folgt auf Jürgen Neyer an der European New School of Digital Studies in Slubice/
_cred
264 _c2023
653 _aFrankfurt (Oder)
653 _aViadrina
653 _aEuropean New School of Digital Studies
653 _aJa Hendrik Passoth
773 _dFrankfurt (Oder) Märkisches Verlags- und Druckhaus GmbH & Co KG
_tMärkische Oderzeitung
_g34. Jahrgang (2023) Nr. 33 vom 08.02.2023, S.15:
942 _cA